000 00552nam a22001577a 4500
003 NUST
082 _a610
100 _a Asad ,Malik Muhammad
_9121732
245 _aAssessment of Potential Drug-Drug Interactions in Hospitalized Cancer Patients /
_cMalik Muhammad Asad
264 _aIslamabad:
_bSMME- NUST.
_c2019.
300 _a42p. ;
_b Soft Copy ,
_c30cm.
650 _aMS Biomedical Sciences (BMS)
700 _aSupervisor : Dr. Adeeb Shehzad
_9119503
856 _uhttp://10.250.8.41:8080/xmlui/handle/123456789/8436
942 _2ddc
_cTHE
999 _c608517
_d608517